| 000 | 00504nam a2200169Ia 4500 | ||
|---|---|---|---|
| 003 | IN-BaIIA | ||
| 008 | 211028s9999 xx 000 0 eng d | ||
| 040 | _cIIA Library | ||
| 080 |
_a621.396 _bTEP-2 |
||
| 100 |
_aTepper Marin _94057 |
||
| 245 | 0 |
_aBasic radio _bvol. 2, AC electricity _cMarvin Tepper |
|
| 260 |
_aNew York _bJohn F Rider Publishers _c1961 |
||
| 300 | _avi, 138p | ||
| 650 |
_aAC Electricity _94058 |
||
| 650 |
_aBasic Radio _94059 |
||
| 942 | _cBK | ||
| 999 |
_c2256 _d2256 |
||